000 00529nam a2200169Ia 4500
008 090201s9999 xx 000 0 und d
010 _aKPL-70775
040 _bमराठी
041 _aमराठी
082 _a49142
_b70775
100 _aअरुण शेवते
245 _aस्मरण गाभारा
_cअरुण शेवते
260 _c2005
_bमुद्रा प्रकाशन
300 _a128
_bमध्यम
600 _aस्मरण गाभारा
942 _cBOOK
999 _c245726
_d245726